=LDR 00000nam 2200000 4500 =001 INLIS000000000060003 =005 20211228084214 =035 ##$$a 0010-1221000230 =007 ta =008 211228###########################0#ind## =020 ##$$a tidak Teridentifikasi =082 ##$$a 616.079 =084 ##$$a 616.079 Roi p =245 1#$$a Pokok - Pokok Ilmu Kekebalan /$c Roitt Ivan M =300 ##$$a 362 halaman : $b ilustrasi ; $c 21 cm =600 #4$$a Imunologi =264 ##$$a Jakarta :$b Gramedia,$c 1985 =336 ##$$a teks$2 rdacontent =337 ##$$a lain-lain$2 rdamedia =338 ##$$a lain-lain$2 rdacarrier =990 ##$$a 37633763